PT/Chem: Elements 1-95 - 21 Random - Statistics

General Stats
  • This quiz has been taken 192 times
    12 since last reset
  • The average score is 19 of 21
Answer Stats
Atomic
#
Sym Name % Correct
89 Ac Actinium
100%
51 Sb Antimony
100%
18 Ar Argon
100%
33 As Arsenic
100%
85 At Astatine
100%
4 Be Beryllium
100%
35 Br Bromine
100%
48 Cd Cadmium
100%
20 Ca Calcium
100%
6 C Carbon
100%
17 Cl Chlorine
100%
27 Co Cobalt
100%
68 Er Erbium
100%
63 Eu Europium
100%
87 Fr Francium
100%
31 Ga Gallium
100%
72 Hf Hafnium
100%
2 He Helium
100%
67 Ho Holmium
100%
1 H Hydrogen
100%
49 In Indium
100%
53 I Iodine
100%
26 Fe Iron
100%
57 La Lanthanum
100%
71 Lu Lutetium
100%
12 Mg Magnesium
100%
25 Mn Manganese
100%
10 Ne Neon
100%
93 Np Neptunium
100%
28 Ni Nickel
100%
41 Nb Niobium
100%
7 N Nitrogen
100%
76 Os Osmium
100%
8 O Oxygen
100%
15 P Phosphorus
100%
84 Po Polonium
100%
59 Pr Praseodymium
100%
61 Pm Promethium
100%
88 Ra Radium
100%
75 Re Rhenium
100%
45 Rh Rhodium
100%
37 Rb Rubidium
100%
21 Sc Scandium
100%
34 Se Selenium
100%
47 Ag Silver
100%
11 Na Sodium
100%
38 Sr Strontium
100%
52 Te Tellurium
100%
90 Th Thorium
100%
50 Sn Tin
100%
22 Ti Titanium
100%
74 W Tungsten
100%
92 U Uranium
100%
54 Xe Xenon
100%
39 Y Yttrium
100%
40 Zr Zirconium
100%
42 Mo Molybdenum
67%
83 Bi Bismuth
50%
58 Ce Cerium
50%
64 Gd Gadolinium
50%
82 Pb Lead
50%
60 Nd Neodymium
50%
81 Tl Thallium
50%
13 Al Aluminum
0%
95 Am Americium
0%
56 Ba Barium
0%
5 B Boron
0%
55 Cs Cesium
0%
24 Cr Chromium
0%
29 Cu Copper
0%
66 Dy Dysprosium
0%
9 F Fluorine
0%
32 Ge Germanium
0%
79 Au Gold
0%
77 Ir Iridium
0%
36 Kr Krypton
0%
3 Li Lithium
0%
80 Hg Mercury
0%
46 Pd Palladium
0%
78 Pt Platinum
0%
94 Pu Plutonium
0%
19 K Potassium
0%
91 Pa Protactinium
0%
86 Rn Radon
0%
44 Ru Ruthenium
0%
62 Sm Samarium
0%
14 Si Silicon
0%
16 S Sulfur
0%
73 Ta Tantalum
0%
43 Tc Technetium
0%
65 Tb Terbium
0%
69 Tm Thulium
0%
23 V Vanadium
0%
70 Yb Ytterbium
0%
30 Zn Zinc
0%
No matching quizzes found
Score Distribution
Percent of People with Each Score
Percentile by Number Answered
Your Score History
You have not taken this quiz since the last reset